Quizzes
Events
Quiz Creation
Community
Videos
Private Events
Remove Ads
Sign In
Join for FREE
Feedback
Dark Mode
Quiz Categories
Sports
Geography
Music
Movies
Television
Just For Fun
Miscellaneous
History
Literature
Language
Science
Gaming
Entertainment
Religion
Holiday
For Kids
Quiz Lab
Recent
Popular Today
Quiz Kudos Today
Editor Picks
Curator Picks
Quizzes by...
Day
Popularity
Type
Ratings
Length
Year
Community
Subscriptions
Recent Discussions
Orange Saloon
Badges
Playlists
Quests
Create
Leaderboards
Showdown
Live 5
Trivia Bingo
Activity
Puzzle Library
Sporcle Events
Private Events
Virtual Trivia
Globe League
Become a Host
Pub Owners
SporcleCon
Opinionation
Our Games
Videos
Blog
Mobile Apps
Partnerships
Remove Ads and Go Orange
Feedback
Television
TV Characters
TV Show
Sitcom
Network
Friends
Reality Shows
Cast
South Park
Star Trek
The Simpsons
Doctor Who
Television
TV Characters
TV Show
Sitcom
Network
Friends
Reality Shows
Cast
South Park
Star Trek
The Simpsons
Doctor Who
Random Quiz
Search Sporcle
×
Quiz Lab
Quiz Lab
Television
Parks and Recreation
Select answers by clicking on text or image buttons
Select answers by clicking on text or image buttons
Clickable
Best Score? Go Orange.
Follow that Line: Ron Swanson Stats
Finish the Ron Swanson quote
By
mzv1018
10m
24 Questions
703 Plays
703 Plays
703 Plays
Comments
Comments
Give Quiz Kudos
Give Quiz Kudos
-
- Ratings
hide this ad
Forced Order
Answers have to be entered in order
Answers have to be entered in order
Random Order
Randomize order of answers
Randomize order of answers
Replay
Link that replays current quiz
Next Quiz
Link to next quiz in quiz playlist
You Got
0%
They Got
Avg Score
93%
Avg Friend Score
Upgrade to see
Score Distribution
Jump to the score distribution portion of the page
Score
0/24
Timer
10:00
2
Plays Today
% Correct
Whole-ass one thing.
96.7%
In two weeks, I was running the floor. Child labor laws are ruining this country.
96.3%
Rich woman on diets.
96%
And cats are pointless.
95.6%
But I will do something if it helps someone else do nothing. I'd work all night if it meant doing nothing.
95%
At meat tornado.
95%
That he can't fart in his own car?
94.9%
Best friend I ever had. We still never talk sometimes.
94.7%
It is the food that is scared.
94.7%
You are the celery of desserts. Be ice cream, or be nothing.
94.6%
Wait, wait. I'm worried what you just heard was, 'Give me a lot of bacon and eggs.
94.4%
But I still get to kill something.
94.4%
% Correct
And each course will be steak.
93.6%
Scenes of nature when they can go outside and stand in it.
93.6%
Skimmed milk, which is water lying about being milk.
93.4%
To let them know I don't really care about them.
93.4%
I though 'All right, another bureaucrat ate it!'
93.2%
The end.
92.3%
And breakfast food.
91.9%
The songs just play one right after another!
91.7%
I'm not interested about caring about people.
90.4%
But I will take a free breakfast buffet.
90%
We don't have that in America.
89.3%
So I will go as well.
88.4%
Quiz Playlist
Details
Report
Send in Message
Add To Playlist
Clickable:
Select answers by clicking on text or image buttons
Forced Order:
Answers have to be entered in order
Random Order:
Randomize order of answers
Last Updated: Jun 12, 2018
Quiz Scoreboard
CHALLENGE
Sign Up to Join the Scoreboard
Show All
Scores
Hide
Comments
May contain spoilers
Recently Published
One Thing in Common: World Cities II
by knightlancer
Geography
7m
Popular People in 1961
by mucciniale
History
6m
1-10 Letter E Words III
by El_Dandy
Language
2m
More to Explore
Quiz From the Vault
Featured Blog Post
Where Did the Easter Bunny Come From?
hide this ad
You Might Also Like...
Tags
Parks and Recreation
Today's Top Quizzes in Television
Browse Television
hide this ad
Today's Top Quizzes in Parks and Recreation
Browse Parks and Recreation
Top Contributed Quizzes in Television
1
One Piece Logic Puzzle
2
Survivor Logic Puzzle: Heroes vs. Villains
3
Survivor Seasons
4
Survivor Season by Logo
5
Ultimate Survivor Logic Puzzle
6
Survivor Logic Puzzle: Winners at War
7
Survivor Trivia
8
Survivor Heroes vs. Villains Logic Puzzle
9
All US Survivor Seasons in Order
10
Emmerdale Characters (from August 2012)
Explore More
Trending Topics
Disney
Harry Potter
Anime
NBA
Crossword
Marvel
Kpop
Puzzle
Song
Soccer
Pokémon
NFL
Country
The Office
WWE
hide this ad
More By:
mzv1018
Quiz
Plays
Rating
Category
Featured
Created
Follow that line: Mean Girls the Musical
1,139
4.67
Entertainment
Jun 11, 2018
finish the Pretty Little Liars episode title
986
5.00
Television
Apr 25, 2017
Sincerely, Me Clicky-Oke
877
5.00
Entertainment
Dec 8, 2017
Follow that Line: Ron Swanson
703
4.50
Television
Apr 26, 2017
The Office episode by description
157
Television
May 1, 2017
Go to Creator's Profile
Score Distribution
Quiz Creator Spotlight
mzv1018
Follow
Send a Message
Quizzes Created
-
Created Quiz Play Count
-
More By This Creator
Popular Quizzes Today
1
Find the US States - No Outlines Minefield
2
The Countries of the World
3
Popular People in 1961
4
Find the Countries of Europe - No Outlines Minefield
5
1-10 Letter E Words III
6
Find the US States
7
One Thing in Common: World Cities II
8
US States
More Television Quizzes
How I Met Your Mother (Season 7)
Published
Trending Quizzes
Country Music Stars Doing Things
Get the Picture: Carrie or Dolly
1-10 Letter F Words
1-10 Letter G Words
Risky Map Clicking: Next State Alphabetically
Recently Updated
Leaping Animals
pecheneg
Reality TV Shows (A-Z)
bhenderson79
Rickey Henderson's Hall of Fame Teammates
pecheneg
Champions League XIs: Arsenal
pecheneg
Quick Pick: Celebrities in WWE's Hall of Fame
aduchscher
A-Z Keypad Blitz II
pecheneg
Multiple Oscar Actors
pecheneg
Mystery Phrase Blitz: Oscar 'Best Actors'
pecheneg
F. Scott Fitzgerald Novels
LTH
Pick 3 Villains
ddd62291
Trending Topics
Harry Potter
Anime
Marvel
Disney
Kpop
NBA
Crossword
Pokémon
Soccer
Country
The Office
Song
NFL
Puzzle
WWE
Your Account Isn't Verified!
In order to create a playlist on Sporcle, you need to verify the email address you used during registration. Go to your
Sporcle Settings
to finish the process.
Report this User
Report this user for behavior that violates our
Community Guidelines
.
Details:
Send Report
Go to the Sporcle.com Mobile Site →
Comments